Learning Resource and Development

The child of your dreams / (Record no. 21352)

MARC details
000 -LEADER
fixed length control field 01018cam a2200277 a 4500
001 - CONTROL NUMBER
control field childofyourdream00huxl
003 - CONTROL NUMBER IDENTIFIER
control field CaSfIA
005 - DATE AND TIME OF LATEST TRANSACTION
control field 20230525155028.0
007 - PHYSICAL DESCRIPTION FIXED FIELD--GENERAL INFORMATION
fixed length control field cr||||
008 - FIXED-LENGTH DATA ELEMENTS--GENERAL INFORMATION
fixed length control field 870612s1987 mnu b 000 0 eng
035 ## - SYSTEM CONTROL NUMBER
-- (DLC) 87018203
010 ## - LIBRARY OF CONGRESS CONTROL NUMBER
LC control number 87018203
020 ## - INTERNATIONAL STANDARD BOOK NUMBER
International Standard Book Number 0896381102 :
Terms of availability $10.95
040 ## - CATALOGING SOURCE
Original cataloging agency DLC
Transcribing agency DLC
Modifying agency DLC
-- CaSfIA
050 00 - LIBRARY OF CONGRESS CALL NUMBER
Classification number RG635
Item number .H89 1987
082 00 - DEWEY DECIMAL CLASSIFICATION NUMBER
Classification number 618.2/4
Edition number 19
100 1# - MAIN ENTRY--PERSONAL NAME
Personal name Huxley, Laura Archera.
245 14 - TITLE STATEMENT
Title The child of your dreams /
Medium [electronic resource]
Statement of responsibility, etc. Laura Archera Huxley, Piero Ferrucci ; illustrated by Paola Ferrucci.
260 ## - PUBLICATION, DISTRIBUTION, ETC.
Place of publication, distribution, etc. Minneapolis, Minn. :
Name of publisher, distributor, etc. CompCare Publishers,
Date of publication, distribution, etc. c1987.
300 ## - PHYSICAL DESCRIPTION
Extent 94, [1] p. ;
Dimensions 23 cm.
504 ## - BIBLIOGRAPHY, ETC. NOTE
Bibliography, etc. note Bibliography: p. [95].
650 #0 - SUBJECT ADDED ENTRY--TOPICAL TERM
Topical term or geographic name entry element Prenatal influences.
700 1# - ADDED ENTRY--PERSONAL NAME
Personal name Ferrucci, Piero.
856 41 - ELECTRONIC LOCATION AND ACCESS
Uniform Resource Identifier <a href="http://www.archive.org/details/childofyourdream00huxl">http://www.archive.org/details/childofyourdream00huxl</a>
Public note Free eBook from the Internet Archive
856 42 - ELECTRONIC LOCATION AND ACCESS
Uniform Resource Identifier <a href="http://www.openlibrary.org/books/OL2389016M">http://www.openlibrary.org/books/OL2389016M</a>
Public note Additional information and access via Open Library
Holdings
Withdrawn status Lost status Damaged status Not for loan Collection Home library Current library Date acquired Total Checkouts Full call number Date last seen Price effective from Koha item type
        Project Gutenberg Main Library Main Library 05/25/2023   RG635 .H89 1987 05/25/2023 05/25/2023 EBooks